The Beatles 20 Least Streamed Songs on Spotify - Statistics

General Stats
  • This quiz has been taken 31 times
  • The average score is 8 of 21
Answer Stats
Hint Answer % Correct
Abbey Road Her Majesty
100%
Beatles for Sale Honey Don't
54%
Single/Past Masters I'm Down
50%
Yellow Submarine Only A Northern Song
46%
Single/Past Masters Long Tall Sally
42%
Yellow Submarine It's All Too Much
38%
With the Beatles Little Child
38%
Single/Past Masters Matchbox
38%
Single/Past Masters Old Brown Shoe
38%
Single/Past Masters Thank You Girl
38%
Single/Past Masters The Inner Light
38%
Beatles for Sale What You're Doing
38%
Single/Past Masters Bad Boy
33%
Beatles for Sale I Don't Want To Spoil The Party
33%
Single/Past Masters She's a Woman
33%
Single/Past Masters Yes It Is
33%
Single/Past Masters You Know My Name
33%
Single/Past Masters I'll Get You
29%
Single/Past Masters Slow Down
29%
Beatles for Sale Everybody's Trying to be My Baby
25%
Single/Past Masters I Call Your Name
17%
No matching quizzes found
Score Distribution
Percent of People with Each Score
Percentile by Number Answered
Your Score History
You have not taken this quiz